00586nam a22001817a 450000500170000001000170001702000230003402000260005703500170008303700210010008200110012110000190013224500810015126000360023227000610026830000250032950000500035420120323121935.0 aB-447258-262 a8178243385c395.00 a9788178243382c395.00 aB-447258-262 aDPLbK.K.Pub/Ven a305.42 akosambi, Meera aCrossing thresholds :bfeminist essays in social history /cby Meera Kosambi aRanikhetbPermanent Blackc2011 a'Himalayana,Mall Road, Ranikhet CanttbRanikhete2636454 a397pbillc22cm(pbk) aIncludes index and bibliographical references